Joueurs du Lapé FC - Statistiques

Statistiques générales
  • Ce quiz a été pris 46 fois
    18 depuis la dernière actualisation
  • Le résultat moyen est 13 sur 18
Statistiques - réponses
Numéros Réponse % Correct
9 Albert Deshoulières
88%
20 Arthur Chabbert
88%
absent pour cause de bachibac Baptiste Lagarde
88%
11 Martin Mespoulhes
88%
77 Paul-Alexandre Sapin-Fleury
88%
président Alexandre Victoria
75%
10 Célian Campisi
75%
coach Oscar Blanc
75%
7 Oscar Taurines
75%
13 Amaury Ducroq
63%
22 Arthur Borde-Loubet
63%
Pas de numéro Jean Pingaud
63%
69 Jules Bouteille
63%
arbitre de touche n°1 Jules Proupa
63%
47 Solal Benqadi
63%
51 Titouan Dupuy
63%
1 Pierre Levrey
50%
3 Nathan Rentenier
38%
Aucun quiz correspondant
Distribution des résultats
% des personnes avec chaque résultat
Percentile par nombre de réponses
Votre historique - résultats
Vous n’avez pas pris ce quiz depuis la dernière actualisation